|
|
|
|
| LEADER |
00882nta a2200193 i 4500 |
| 001 |
dipl71283 |
| 005 |
20180605073955.0 |
| 008 |
180605s2017 hu om 0|| zxx d |
| 040 |
|
|
|a SZTE Diploma Repozitórium
|b hun
|
| 041 |
|
|
|a zxx
|
| 100 |
1 |
|
|a Bodnár Balázs
|
| 245 |
1 |
0 |
|a Huminsav hatása az olajszennyezett vizek foto-Fenton-kezelésére, membránszűrésére és kombinált kezelésére
|h [elektronikus dokumentum] /
|c Balázs Bodnár
|
| 246 |
1 |
0 |
|a Effect of humic acid on the treatment of oil contaminated waters by photo-Fenton reaction, membrane separation and combined method
|h [elektronikus dokumentum]
|
| 260 |
|
|
|c 2017
|
| 650 |
|
4 |
|a Természettudományok
|
| 650 |
|
4 |
|a Natural sciences
|
| 700 |
0 |
1 |
|a Veréb Gábor
|e ths
|
| 700 |
0 |
1 |
|a László Zsuzsanna
|e ths
|
| 856 |
4 |
0 |
|u https://diploma.bibl.u-szeged.hu/id/eprint/71283/1/2016_Bodn%C3%A1r_Bal%C3%A1zs_A9BPFX_SZ.pdf
|z Dokumentum-elérés
|